000 00280nam a22001337a 4500
008 180122b xxu||||| |||| 00| 0 eng d
020 _a9780669377446
041 _aeng
080 _a37
100 _a46
101 _aEDU
245 _aHeathenglish
_cSenn,J.A
942 _2udc
_cBK
999 _c40622
_d40622